Statistieken voor 50 Europese landen

Klik hier om de quiz te nemen!

Algemene statistieken

  • Deze quiz is 277 keer genomen
    (145 sinds de laatste reset)
  • De gemiddelde score is 38 van 45

Antwoordstatistieken

Eerste letterLand% Correct
BBelgië
97%
AAlbanië
93%
AAndorra
93%
DDuitsland
92%
FFinland
92%
BBulgarije
89%
HHongarije
89%
DDenemarken
88%
GGriekenland
88%
IIerland
88%
LLetland
88%
LLitouwen
87%
NNederland
87%
VVaticaanstad
87%
ZZweden
87%
BBosnië en Herzegovina
86%
FFrankrijk
86%
WWit-Rusland
86%
EEstland
85%
MMonaco
85%
NNoorwegen
85%
PPortugal
85%
RRusland
85%
ZZwitserland
85%
KKroatië
84%
SSlovakije
84%
SSlovenië
84%
SSpanje
84%
LLuxemburg
83%
OOostenrijk
83%
KKosovo
82%
MMalta
81%
SSan Marino
81%
RRoemenië
80%
IIJsland
79%
MMoldavië
79%
PPolen
79%
IItalië
77%
SServië
77%
TTsjechië
77%
LLiechtenstein
76%
MMontenegro
75%
NNoord-Macedonië
75%
VVerenigd Koninkrijk
74%
OOekraïne
71%

Scoreverdeling

Percentiel versus Aantal Correcte Antwoorden

Procent van Mensen met Elke Score

Uw Scoregeschiedenis

U heeft deze quiz nog niet genomen sinds de laatste reset